[Event "MVP-ch Seniors op 13th"]
[Site "Binz"]
[Date "2013.11.27"]
[Round "1"]
[White "Traut, Alexander"]
[Black "Goepfert, Jochen"]
[Result "1/2-1/2"]
[WhiteElo "1306"]
[BlackElo "1767"]
[PlyCount "125"]
[EventDate "2013.11.27"]
[EventType "swiss"]
[EventRounds "9"]
[EventCountry "GER"]
[SourceTitle "EXT 2015"]
[Source "ChessBase"]
[SourceDate "2014.11.20"]
[SourceVersion "1"]
[SourceVersionDate "2014.11.20"]
[SourceQuality "1"]

1. e4 c6 2. d4 d5 3. e5 Bf5 4. Bd3 Bxd3 5. Qxd3 e6 6. a3 Nd7 7. f4 c5 8. c3 Qb6 9. Ne2 c4 10. Qc2 Nh6 11. Ng3 g6 12. 0-0 Nf5 13. Nxf5 gxf5 14. Nd2 Rc8 15. Nf3 Be7 16. h4 Rg8 17. Kh2 Qd8 18. g3 b5 19. b4 Nb6 20. Bd2 Na4 21. Kh3 Kd7 22. Nh2 Qf8 23. Qd1 Qh6 24. Qf3 Rce8 25. Ra2 Bd8 26. Be1 Qg6 27. Rg2 h5 28. Rfg1 Rh8 29. Qe2 Kc6 30. Qf3 Qh6 31. Qe2 Qg7 32. Qf3 Nb6 33. Qd1 Qf8 34. Qf3 Be7 35. Qd1 Ra8 36. Ra2 Qc8 37. Rgg2 Qb7 38. Qf3 Nd7 39. Qd1 Nb6 40. Qf3 a5 41. Qd1 axb4 42. axb4 Ra4 43. Qb1 Qd7 44. Qd1 Kb7 45. Qb1 Kc6 46. Qd1 Qa7 47. Qb1 Ra8 48. Rxa4 Qxa4 49. Rb2 Qa1 50. Nf3 Kd7 51. Qxa1 Rxa1 52. Rc2 Ke8 53. Kg2 Kf8 54. Kf2 Kg7 55. Ng5 Na4 56. Ke2 Rb1 57. Nf3 Rb2 58. Rxb2 Nxb2 59. Bd2 Nd3 60. Ne1 Nxe1 61. Kxe1 f6 62. Ke2 Kg6 63. Be3 1/2-1/2